|
|
|
|
| LEADER |
02987nam a2200637 i 4500 |
| 001 |
nkc20223427695 |
| 003 |
CZ PrNK |
| 005 |
20220804074726.0 |
| 007 |
ta |
| 008 |
220609s2022 xr g 000 jdcze |
| 015 |
|
|
|a cnb003427695
|
| 020 |
|
|
|a 978-80-7252-937-7
|q (brožováno)
|
| 035 |
|
|
|a (OCoLC)1357139322
|
| 040 |
|
|
|a ABG001
|b cze
|d ABA001
|e rda
|
| 041 |
1 |
|
|a cze
|h eng
|
| 072 |
|
7 |
|a 821.111(73)-3
|x Americká próza
|2 Konspekt
|9 25
|
| 080 |
|
|
|a 821.111(73)-32
|2 MRF
|
| 080 |
|
|
|a 17.023.34
|2 MRF
|
| 080 |
|
|
|a 17.02
|2 MRF
|
| 080 |
|
|
|a 159.923.5-022.211
|2 MRF
|
| 080 |
|
|
|a 316.752
|2 MRF
|
| 080 |
|
|
|a (0:82-32)
|2 MRF
|
| 100 |
1 |
|
|a Canfield, Jack,
|d 1944-
|7 jn20000601120
|4 aut
|
| 240 |
1 |
0 |
|a Chicken soup for the soul.
|l Česky
|
| 245 |
1 |
0 |
|a Slepičí polévka pro duši :
|b najděte své štěstí : 101 inspirativních příběhů o hledání svého poslání, vášně a štěstí /
|c Jack Canfield, Mark Victor Hansen a Amy Newmarková ; předmluva Deborah Norvillová ; z anglického originálu Chicken soup for the soul ... přeložil Vojtěch Skovajsa
|
| 246 |
3 |
0 |
|a Najděte své štěstí
|
| 250 |
|
|
|a Vydání první
|
| 264 |
|
1 |
|a Praha :
|b Práh,
|c 2022
|
| 300 |
|
|
|a 461 stran ;
|c 21 cm
|
| 336 |
|
|
|a text
|b txt
|2 rdacontent
|
| 337 |
|
|
|a bez média
|b n
|2 rdamedia
|
| 338 |
|
|
|a svazek
|b nc
|2 rdacarrier
|
| 520 |
2 |
|
|a Výbor inspirativních příběhů, které nabízejí návod na to, jak najít svou vášeň, poslání a životní štěstí.
|b Ke štěstí vede spousta cest. Příběhy v této knize vám nepochybně pomůžou nalézt takovou cestu i cíl, které sedí právě vám. Vychutnejte si pravdivé a inspirující příběhy o tom, jak pozitivní myšlení, vděčnost a starý dobrý selský rozum pomohly lidem najít jejich štěstí, poslání, vášeň i ztracenou radost ze života. Nakladatelská anotace. Kráceno.
|
| 650 |
0 |
7 |
|a štěstí
|7 ph127882
|2 czenas
|
| 650 |
0 |
7 |
|a životní harmonie
|7 ph138147
|2 czenas
|
| 650 |
0 |
7 |
|a smysl života
|7 ph125718
|2 czenas
|
| 650 |
0 |
7 |
|a pozitivní myšlení
|7 ph124475
|2 czenas
|
| 650 |
0 |
7 |
|a hodnotová orientace
|7 ph117202
|2 czenas
|
| 650 |
0 |
9 |
|a happiness
|2 eczenas
|
| 650 |
0 |
9 |
|a harmony of life
|2 eczenas
|
| 650 |
0 |
9 |
|a sense of life
|2 eczenas
|
| 650 |
0 |
9 |
|a positive thinking
|2 eczenas
|
| 650 |
0 |
9 |
|a value orientation
|2 eczenas
|
| 655 |
|
7 |
|a americké příběhy
|7 fd131795
|2 czenas
|
| 655 |
|
9 |
|a American stories
|2 eczenas
|
| 700 |
1 |
|
|a Hansen, Mark Victor,
|d 1947-
|7 jn20001005307
|4 aut
|
| 700 |
1 |
|
|a Newmark, Amy
|7 xx0127662
|4 aut
|
| 700 |
1 |
|
|a Norville, Deborah,
|d 1958-
|7 xx0123482
|4 wfw
|
| 700 |
1 |
|
|a Skovajsa, Vojtěch,
|d 1993-
|7 xx0237095
|4 trl
|
| 910 |
2 |
|
|a BOA001
|b 2-1490.313
|
| 920 |
|
|
|a 4654129
|z ABG001
|
| 990 |
|
|
|a BK
|
| 995 |
|
|
|a 01
|
| 991 |
|
|
|b 202207
|c NOV
|
| 996 |
6 |
|
|b 2610908502
|c 2-1490.313
|l MZK
|r Sklad / do 1 hodiny
|n 1
|p p.v.
|w 001893061
|u 000010
|a 1
|e BOA001
|j MZK50
|s P
|
| 996 |
7 |
|
|b 2610910877
|c 2-1490.313
|l Vol.výběr
|r VV 1p
|n 6
|p kup
|h 821.111 CAN
|w 001893061
|u 000020
|a 0
|e BOA001
|j MZK50
|s A
|